[Event "Czech Republic (ch)"]
[Site "Kunzak, Czech Republic"]
[Date "2001.05.18"]
[Round "11"]
[White "Navara, David"]
[Black "Dobrovolsky, Ladislav"]
[Result "0-1"]
[WhiteElo "2479"]
[BlackElo "2392"]
[PlyCount "112"]
[EventDate "2001.05.08"]
[SourceDate "2001.05.08"]

1. e4 d5 2. exd5 Qxd5 3. Nc3 Qa5 4. d4 Nf6 5. Nf3 Bf5 6. Bd2 c6 7. Bc4 e6 8.
Nd5 Qd8 9. Nxf6+ Qxf6 10. Qe2 Nd7 11. O-O-O Bg4 12. d5 Bxf3 13. gxf3 cxd5 14.
Bxd5 O-O-O {Diagram #} 15. Bxb7+ Kxb7 16. Qe4+ Kc8 17. Bf4 e5 18. Qa8+ Nb8 19.
Be3 Be7 20. Bxa7 Kc7 21. Bxb8+ Rxb8 22. Qa7+ Rb7 23. Rd7+ Kxd7 24. Qxb7+ Ke6
25. Rd1 Qg5+ 26. Kb1 Rd8 27. Qc6+ Rd6 28. Qc8+ Kf6 29. Rxd6+ Bxd6 30. Qd8+ Be7
31. Qb6+ Kf5 32. a4 Qd2 33. Qc7 Qd1+ 34. Ka2 Qd5+ 35. Kb1 Bb4 36. Qc8+ Kf6 37.
Qa6+ Kg5 38. c3 Bc5 39. Qb5 f6 40. a5 Qd1+ 41. Ka2 Bxf2 42. Qb7 Qa4+ 43. Kb1 g6
44. a6 h5 45. Qd5 Be3 46. Qd3 Bf4 47. h3 Kh4 48. Qd6 Kxh3 49. Qxf6 g5 50. Qb6
Kg2 51. a7 h4 52. b3 Qa3 53. Qb7 h3 54. a8=Q Qxa8 55. Qxa8 h2 56. Qa2+ Kg3 0-1